[Event "Roncana op-C 9th"]
[Site "Santa Eulalia de Roncana"]
[Date "2015.11.14"]
[Round "6"]
[White "MartiI de Toro, Xavi"]
[Black "Fernandez Ferreira, Eric"]
[Result "1-0"]
[WhiteElo "1473"]
[BlackElo "1720"]
[PlyCount "83"]
[EventDate "2015.10.03"]
[EventType "swiss"]
[EventRounds "8"]
[EventCountry "ESP"]
[SourceTitle "EXT 2017"]
[Source "ChessBase"]
[SourceDate "2016.10.25"]
[SourceVersion "1"]
[SourceVersionDate "2016.10.25"]
[SourceQuality "1"]

1. e4 e5 2. Nf3 Nc6 3. d4 d6 4. d5 Nf6 5. Nc3 Bg4 6. Be2 h6 7. 0-0 Be7 8. Be3 0-0 9. h3 Bxf3 10. Bxf3 Nb4 11. Be2 Qd7 12. a3 Nxc2 13. Qxc2 c6 14. dxc6 Qxc6 15. Rad1 Rac8 16. Bb5 Qc7 17. Qe2 a6 18. Bc4 Rfd8 19. Nd5 Nxd5 20. Bxd5 Bf6 21. f4 exf4 22. Bxf4 Re8 23. Qd3 Bxb2 24. Bc1 Qc5+ 25. Rf2 Bd4 26. Bb3 Bf6 27. Ba4 b5 28. Bb3 Bh4 29. g3 Bf6 30. Kg2 b4 31. axb4 Qxb4 32. Bd2 Bc3 33. Rb1 Rc7 34. Bxc3 Rxc3 35. Qd2 Rec8 36. Rf4 Qb5 37. Rf3 Rxf3 38. Kxf3 a5 39. Bc2 Qa6 40. Qd3 Rc4 41. Qxc4 Qxc4 42. Rb8+ 1-0

[Event "Roncana op-C 9th"]
[Site "Santa Eulalia de Roncana"]
[Date "2015.10.03"]
[Round "1"]
[White "MartiI de Toro, Xavi"]
[Black "Naval Gaset, Arnau"]
[Result "0-1"]
[WhiteElo "1473"]
[BlackElo "1712"]
[PlyCount "26"]
[EventDate "2015.10.03"]
[EventType "swiss"]
[EventRounds "8"]
[EventCountry "ESP"]
[SourceTitle "EXT 2017"]
[Source "ChessBase"]
[SourceDate "2016.10.25"]
[SourceVersion "1"]
[SourceVersionDate "2016.10.25"]
[SourceQuality "1"]

1. e4 e5 2. Nf3 Nc6 3. d4 Nxd4 4. Nxd4 exd4 5. Bc4 Bc5 6. Bf4 d6 7. c3 dxc3 8. bxc3 Qh4 9. Bg3 Qxe4+ 10. Be2 Qxg2 11. Bf3 Qh3 12. Bg4 Bxg4 13. Qd5 Rd8 0-1